[Event "Stare Mesto 2021"]
[Site "?"]
[Date "2021.08.17"]
[Round "5.9"]
[White "Kraus, Tomas"]
[Black "Nytra, Petr"]
[Result "1-0"]
[WhiteElo "2468"]
[BlackElo "1941"]
[PlyCount "81"]
[EventDate "2021.??.??"]

1. Nf3 c5 2. c4 Nc6 3. Nc3 g6 4. e3 Bg7 5. d4 cxd4 6. exd4 d6 7. d5 Ne5 8. Nd4
Nf6 9. Be2 O-O 10. O-O a6 11. a4 Qc7 12. b3 Bg4 13. f3 Bd7 14. Be3 b6 15. Rc1
Rac8 16. Re1 Qb8 17. h3 b5 18. f4 bxc4 19. fxe5 dxe5 20. Nc6 Bxc6 21. dxc6 Rfd8
22. Qc2 cxb3 23. Qb2 Rxc6 24. Bd1 e4 25. Qxb3 Qxb3 26. Bxb3 Rd3 27. Na2 Rxc1
28. Nxc1 Rd8 29. Rd1 Rxd1+ 30. Bxd1 Nd5 31. Bc5 e6 32. Na2 a5 33. Bb3 f5 34.
Bxd5 exd5 35. Bb6 d4 36. Bxa5 d3 37. Kf1 e3 38. Bc3 Bh6 39. Nb4 d2 40. Ke2 Bf8
41. a5 1-0

[Event "Stare Mesto 2021"]
[Site "?"]
[Date "2021.08.17"]
[Round "5.10"]
[White "Vybiral, Zdenek"]
[Black "Sudrich, Radek"]
[Result "1/2-1/2"]
[WhiteElo "2184"]
[BlackElo "2033"]
[PlyCount "115"]
[EventDate "2021.??.??"]

1. c4 e5 2. Nc3 Bc5 3. Nf3 d6 4. e3 Bg4 5. h3 Bh5 6. Be2 Nd7 7. d4 exd4 8. exd4
Bb6 9. Bg5 Ngf6 10. O-O O-O 11. a3 Re8 12. Qd2 h6 13. Bh4 Qc8 14. Rfe1 Ne4 15.
Nxe4 Rxe4 16. g4 Bg6 17. Bd3 Rxe1+ 18. Rxe1 Nf8 19. Bf1 c6 20. d5 c5 21. Qf4
Bc7 22. Nd2 f6 23. Ne4 Qd7 24. Bg3 b6 25. Nc3 a6 26. Bg2 Bd3 27. Be4 Re8 28.
Re3 Ng6 29. Qf5 Qxf5 30. Bxf5 Rxe3 31. fxe3 Bxf5 32. gxf5 Ne7 33. e4 Kf7 34.
Kg2 g6 35. fxg6+ Kxg6 36. Ne2 b5 37. b3 bxc4 38. bxc4 Nc8 39. Kf3 Nb6 40. Nf4+
Kf7 41. Ne6 Bb8 42. Nd8+ Kg6 43. Nc6 Bc7 44. Na5 f5 45. Be1 Nd7 46. Nc6 fxe4+
47. Kxe4 Nf6+ 48. Kf4 Nh5+ 49. Kg4 Nf6+ 50. Kf3 Nd7 51. Bc3 Kg5 52. Kg3 Kf5 53.
Kf3 Kg5 54. Be1 Kf5 55. Ne7+ Kg5 56. Nc6 Kf5 57. Ne7+ Kg5 58. Nc6 1/2-1/2

[Event "Stare Mesto 2021"]
[Site "?"]
[Date "2021.08.17"]
[Round "5.11"]
[White "Knotek, Josef"]
[Black "Vodak, Rostislav"]
[Result "1-0"]
[WhiteElo "1949"]
[BlackElo "1999"]
[PlyCount "55"]
[EventDate "2021.??.??"]

1. d4 d5 2. Nf3 e6 3. c4 Nf6 4. Nc3 c6 5. Bg5 Be7 6. e3 O-O 7. Rc1 Nbd7 8. a3
Re8 9. Bd3 dxc4 10. Bxc4 Nd5 11. Bxe7 Qxe7 12. O-O Nxc3 13. Rxc3 e5 14. dxe5
Nxe5 15. Nxe5 Qxe5 16. f4 Qf5 17. Bd3 Qa5 18. Qc2 f5 19. Rc5 Qb6 20. Rf3 Be6
21. Re5 Bd5 22. Rg3 Rxe5 23. fxe5 Be4 24. Bxe4 fxe4 25. Qc4+ Kh8 26. Qf7 Rg8
27. h3 Qxb2 28. Rxg7 1-0

[Event "Stare Mesto 2021"]
[Site "?"]
[Date "2021.08.17"]
[Round "5.12"]
[White "Vrtal, Jaroslav"]
[Black "Blazek, Matej"]
[Result "1/2-1/2"]
[WhiteElo "2037"]
[BlackElo "1743"]
[PlyCount "74"]
[EventDate "2021.??.??"]

1. d4 d5 2. Nf3 Nf6 3. c4 c6 4. e3 Bf5 5. Nc3 e6 6. a3 h6 7. Be2 Bd6 8. c5 Bc7
9. b4 O-O 10. O-O Nbd7 11. Bb2 e5 12. dxe5 Nxe5 13. Nxe5 Bxe5 14. Na4 Bc7 15.
Bd4 Ne4 16. Bf3 Ng5 17. Nc3 Qb8 18. g3 Nxf3+ 19. Qxf3 Qc8 20. Rfe1 Bg4 21. Qg2
Re8 22. f3 Bh5 23. e4 dxe4 24. Nxe4 Bg6 25. Qb2 Bxe4 26. fxe4 Qg4 27. Qe2 Qxe2
28. Rxe2 Rad8 29. Bb2 Be5 30. Bxe5 Rxe5 31. Kf2 Rd3 32. Raa2 Kf8 33. Rad2 Rxd2
34. Rxd2 Rxe4 35. Rd8+ Re8 36. Rd7 Rb8 37. Rc7 Re8 1/2-1/2

[Event "Stare Mesto 2021"]
[Site "?"]
[Date "2021.08.17"]
[Round "5.13"]
[White "Vicar, Lubomir"]
[Black "Shanel, Jaroslav"]
[Result "0-1"]
[WhiteElo "1826"]
[BlackElo "2135"]
[PlyCount "112"]
[EventDate "2021.??.??"]

1. d4 d5 2. Nf3 c5 3. Bf4 e6 4. e3 Nf6 5. Bb5+ Nc6 6. O-O Be7 7. h3 O-O 8. c4
a6 9. Bxc6 bxc6 10. Ne5 Bb7 11. Nc3 cxd4 12. exd4 c5 13. dxc5 Bxc5 14. cxd5
Nxd5 15. Nxd5 Bxd5 16. b3 Qf6 17. Bg3 Rfd8 18. Qh5 Qe7 19. Rac1 Rac8 20. Kh2
Ba3 21. Rxc8 Rxc8 22. Qe2 Qb7 23. f4 f6 24. Nc4 Qb5 25. f5 e5 26. Qd3 Be7 27.
Rc1 Rd8 28. Qc2 Rc8 29. Qe2 Bf7 30. Rc2 Rd8 31. Bf2 g6 32. fxg6 hxg6 33. Qe4
Kg7 34. Ne3 f5 35. Qc6 Qd3 36. Qc3 Qxc3 37. Rxc3 Rd2 38. Rc2 Rxc2 39. Nxc2 Kf6
40. g3 Bd5 41. Ne3 Be4 42. Nd1 Bb4 43. Ne3 Ke6 44. Nc4 Bb1 45. a3 Bc3 46. b4
Kd5 47. Nb6+ Ke4 48. Bc5 Kf3 49. Nd5 Be1 50. g4 f4 51. Bd6 Bg3+ 52. Kg1 e4 53.
Nc3 Bd3 54. a4 e3 55. b5 axb5 56. axb5 e2 0-1

[Event "Stare Mesto 2021"]
[Site "?"]
[Date "2021.08.17"]
[Round "5.14"]
[White "Vaculik, Martin"]
[Black "Prazak, Daniel"]
[Result "1/2-1/2"]
[WhiteElo "1862"]
[BlackElo "1982"]
[PlyCount "66"]
[EventDate "2021.??.??"]

1. d4 e6 2. c4 Nf6 3. Nc3 d5 4. cxd5 exd5 5. Bg5 c6 6. e3 Nbd7 7. Bd3 Be7 8.
Qc2 Nh5 9. Bxe7 Qxe7 10. Nge2 Nb6 11. O-O-O Be6 12. Ng3 Nxg3 13. hxg3 O-O-O 14.
Na4 Nxa4 15. Qxa4 Kb8 16. Kb1 h5 17. b4 a6 18. Rc1 Rc8 19. Qa5 Rh6 20. a4 Qc7
21. Qc5 b6 22. Qc3 Kb7 23. Rc2 b5 24. axb5 axb5 25. Ra2 Rhh8 26. Kb2 Qb6 27.
Rha1 Ra8 28. Rxa8 Rxa8 29. Rxa8 Kxa8 30. Qc5 Kb7 31. Be2 g6 32. Qxb6+ Kxb6 33.
Kc3 f5 1/2-1/2

[Event "Stare Mesto 2021"]
[Site "?"]
[Date "2021.08.17"]
[Round "5.15"]
[White "Antal, Jakub"]
[Black "Delgerdalai, Bayarjavkhlan"]
[Result "1-0"]
[WhiteElo "1940"]
[BlackElo "1876"]
[PlyCount "125"]
[EventDate "2021.??.??"]

1. e4 c5 2. a3 d6 3. b4 cxb4 4. axb4 Nf6 5. Nc3 e6 6. Nf3 Be7 7. Bb5+ Bd7 8.
Qe2 O-O 9. O-O Nc6 10. Rb1 d5 11. e5 Ne8 12. Bxc6 bxc6 13. Na2 a5 14. c3 axb4
15. Nxb4 c5 16. Nd3 Qa5 17. Nf4 Nc7 18. d3 Qxc3 19. Rb7 Rfc8 20. Bb2 Qa5 21.
Nh5 Bc6 22. Rxc7 Qxc7 23. Qe3 Ra4 24. Nf6+ gxf6 25. exf6 Bf8 26. Be5 Qd8 27.
Qg5+ Kh8 28. Qh5 Bh6 29. Qxh6 Qg8 30. Nh4 Rca8 31. f4 d4 32. f5 Ra1 33. fxe6
Rxf1+ 34. Kxf1 Bxg2+ 35. Kf2 Ra2+ 36. Ke1 Ra1+ 37. Kd2 Ra2+ 38. Kc1 Be4 39.
Qg7+ Qxg7 40. fxg7+ Kg8 41. exf7+ Kxf7 42. dxe4 Ra6 43. Nf5 Re6 44. Nd6+ Kg8
45. Nc4 Rh6 46. Kd2 Rh5 47. Ke2 Rh3 48. Nd6 Rh6 49. Kf2 Re6 50. Nc4 Rg6 51. Kf3
Rh6 52. Nd6 Re6 53. Kf4 Re7 54. h4 Re6 55. h5 Re7 56. h6 d3 57. Nf5 Rd7 58. Bc3
c4 59. e5 Rf7 60. e6 Ra7 61. e7 Ra8 62. Ke3 Kf7 63. Ba5 1-0

[Event "Stare Mesto 2021"]
[Site "?"]
[Date "2021.08.17"]
[Round "5.16"]
[White "Janek, Jiri"]
[Black "Balazec, Ludovit"]
[Result "0-1"]
[WhiteElo "1782"]
[BlackElo "1925"]
[PlyCount "49"]
[EventDate "2021.??.??"]

1. e4 c5 2. Nf3 d6 3. d4 cxd4 4. Nxd4 Nf6 5. Nc3 a6 6. Be2 e6 7. Be3 Nbd7 8.
O-O b5 9. a3 Bb7 10. f3 Be7 11. Qd2 O-O 12. Rfd1 Rc8 13. Nb3 Qc7 14. Rac1 Rfd8
15. Qe1 d5 16. exd5 Nxd5 17. Nxd5 Bxd5 18. Qf2 Bf6 19. Nd4 Bc4 20. b3 Bxe2 21.
Qxe2 Nc5 22. Qf2 Qe7 23. Ra1 g6 24. Ra2 e5 25. Raa1 0-1

[Event "FIDE OPEN Stare Mesto 2021 A"]
[Site "Stare Mesto, CZE"]
[Date "2021.08.17"]
[Round "5.17"]
[White "Krizek, Frantisek"]
[Black "Stehlik, Jiri"]
[Result "1-0"]
[WhiteElo "1921"]
[BlackElo "1847"]
[PlyCount "71"]
[EventDate "2021.08.13"]

1. c4 c5 2. Nc3 Nc6 3. Nf3 g6 4. d4 cxd4 5. Nxd4 Bg7 6. Nc2 d6 7. e4 Nf6 8. Be2
Nd7 9. O-O Nc5 10. Be3 Bxc3 11. bxc3 Nxe4 12. Bf3 Nc5 13. Bh6 Be6 14. Nd4 Bd7
15. Re1 a6 16. Bg7 Rg8 17. Bf6 Ne6 18. Bh4 Qc7 19. c5 dxc5 20. Bg3 Qa5 21. Nb3
Qxc3 22. Rc1 Qf6 23. Nxc5 Nxc5 24. Rxc5 O-O-O 25. Qb3 Be8 26. Qb6 Rd6 27. Qa7
Qb2 28. h3 Kd8 29. Qa8+ Kd7 30. Bxd6 Kxd6 31. Rcc1 Rh8 32. Red1+ Ke6 33. Bd5+
Kf5 34. Bb3 g5 35. Qxb7 Kg6 36. Bxf7+ 1-0

[Event "FIDE OPEN Stare Mesto 2021 A"]
[Site "Stare Mesto, CZE"]
[Date "2021.08.17"]
[Round "5.18"]
[White "Oharek, Vlastimil"]
[Black "Uricar, Zdenek"]
[Result "0-1"]
[WhiteElo "1688"]
[BlackElo "1917"]
[PlyCount "124"]
[EventDate "2021.08.13"]

1. d4 Nf6 2. c4 e6 3. Nf3 d5 4. g3 Nbd7 5. cxd5 exd5 6. Bg2 Be7 7. O-O O-O 8.
Nc3 c6 9. Qc2 Re8 10. b3 Bb4 11. Bb2 Ne4 12. Nxe4 dxe4 13. Nd2 Bxd2 14. Qxd2
Nf6 15. e3 Qd6 16. Qa5 Bg4 17. Qc5 Qd7 18. Ba3 Bf3 19. Qd6 Qf5 20. Qf4 Qxf4 21.
gxf4 Bxg2 22. Kxg2 Nd5 23. Rg1 Re6 24. Kf1 Rh6 25. Rg2 Rh3 26. Kg1 Re8 27. Rg3
Rh4 28. h3 Re6 29. Kg2 Rh5 30. Rc1 Nc7 31. Rc5 Rxc5 32. Bxc5 b6 33. Ba3 Nd5 34.
Bb2 f6 35. a3 a5 36. Kf1 Re8 37. Ke2 Kf7 38. Rg1 f5 39. Kd2 Re6 40. Rg5 Kf6 41.
Rg1 Rd6 42. Ke2 Kf7 43. Rg5 g6 44. Rg1 Ne7 45. Rc1 Nd5 46. Bc3 h6 47. Bd2 g5
48. fxg5 hxg5 49. f3 exf3+ 50. Kxf3 Nf6 51. Be1 Ne4 52. b4 a4 53. Bg3 Rh6 54.
Rh1 Ke6 55. h4 Nxg3 56. Kxg3 Rxh4 57. Rxh4 gxh4+ 58. Kxh4 Kd5 59. Kg5 Ke4 60.
Kf6 Kxe3 61. Kxf5 Kxd4 62. Ke6 c5 0-1

[Event "FIDE OPEN Stare Mesto 2021 A"]
[Site "Stare Mesto, CZE"]
[Date "2021.08.17"]
[Round "5.19"]
[White "Matus, Filip"]
[Black "Travnicek, Jaroslav"]
[Result "1-0"]
[WhiteElo "1903"]
[BlackElo "1743"]
[PlyCount "101"]
[EventDate "2021.08.13"]

1. e4 e5 2. Nf3 Nf6 3. Nxe5 d6 4. Nf3 Nxe4 5. d4 d5 6. Bd3 Bd6 7. O-O O-O 8. c4
c6 9. Nc3 Bf5 10. Re1 Nxc3 11. bxc3 Bxd3 12. Qxd3 dxc4 13. Qxc4 Re8 14. Bg5 Be7
15. Rxe7 Rxe7 16. Bxe7 Qxe7 17. Re1 Qd7 18. Ne5 Qe6 19. Qxe6 fxe6 20. Nf3 Nd7
21. Rxe6 Nf6 22. Kf1 Nd5 23. c4 Nc3 24. a3 Kf8 25. Re3 Na4 26. Rb3 Nb6 27. Ne5
Rd8 28. c5 Nd7 29. Rxb7 Nxe5 30. dxe5 Rd5 31. e6 Rxc5 32. Rf7+ Ke8 33. Rxa7 Kf8
34. Rf7+ Kg8 35. Rc7 Kf8 36. a4 Ra5 37. Rxc6 Rxa4 38. Ke2 Ra3 39. Rc4 Ke7 40.
Re4 g5 41. h4 h6 42. hxg5 hxg5 43. Re3 Ra2+ 44. Kf3 Rb2 45. Kg3 Rb5 46. f3 Ra5
47. Kg4 Rb5 48. g3 Ra5 49. f4 gxf4 50. gxf4 Ra6 51. f5 1-0

[Event "FIDE OPEN Stare Mesto 2021 A"]
[Site "Stare Mesto, CZE"]
[Date "2021.08.17"]
[Round "5.20"]
[White "Beinhauer, Bernard"]
[Black "Mostek, Jan"]
[Result "0-1"]
[WhiteElo "1575"]
[BlackElo "1898"]
[PlyCount "98"]
[EventDate "2021.08.13"]

1. e4 e6 2. d3 d5 3. Nd2 Nf6 4. Ngf3 c5 5. g3 Nc6 6. Bg2 Be7 7. O-O O-O 8. Re1
Qc7 9. e5 Nd7 10. Qe2 b5 11. h4 Bb7 12. Nf1 Nd4 13. Nxd4 cxd4 14. Bf4 Rfc8 15.
Rac1 Qa5 16. a3 b4 17. axb4 Bxb4 18. Red1 Rc6 19. Ra1 Qb6 20. h5 h6 21. Rdc1
Rac8 22. Nh2 Bf8 23. Nf3 Ba6 24. g4 Qxb2 25. Rab1 Qc3 26. Bd2 Qa3 27. Nxd4 Rb6
28. Rxb6 Nxb6 29. g5 Qc5 30. Qg4 Kh8 31. gxh6 gxh6 32. Ra1 Bb7 33. Rxa7 Rc7 34.
Be3 Nc4 35. Rxb7 Rxb7 36. dxc4 Qxc4 37. Qe2 Qc7 38. Bf4 Qe7 39. Nf3 Bg7 40. Qd2
Kh7 41. Bf1 Rb1 42. c4 Qb7 43. Kg2 Rb2 44. Qd3+ Kg8 45. Qe3 Rb3 46. Qd2 dxc4
47. Be2 Qe4 48. Kg3 Bxe5 49. Bd1 Rd3 0-1

[Event "FIDE OPEN Stare Mesto 2021 A"]
[Site "Stare Mesto, CZE"]
[Date "2021.08.17"]
[Round "5.21"]
[White "Krupica, Pavel"]
[Black "Hradek, Matyas"]
[Result "0-1"]
[WhiteElo "1897"]
[BlackElo "1645"]
[PlyCount "72"]
[EventDate "2021.08.13"]

1. d4 d5 2. Nf3 Nf6 3. g3 Bf5 4. Bg2 c5 5. e3 Nc6 6. O-O e6 7. b3 cxd4 8. exd4
Nb4 9. Na3 Qc7 10. Bb2 Bxc2 11. Rc1 Bxd1 12. Rxc7 Bxf3 13. Bxf3 Nd3 14. Nb5 a6
15. Be2 Nxb2 16. Rxb7 axb5 17. Bxb5+ Kd8 18. Rc1 Rc8 19. Rb1 Bd6 20. Rxb2 Rb8
21. Rxb8+ Bxb8 22. a4 Ne4 23. Bc6 Bd6 24. b4 Kc7 25. Rc2 Bxb4 26. Bxd5+ Nc3 27.
Bb3 Kb6 28. Kg2 Rd8 29. Bc4 Rxd4 30. Bb5 Nxb5 31. axb5 Rd7 32. Rc8 Kxb5 33. f3
Bc5 34. g4 Rd2+ 35. Kg3 Bd6+ 36. f4 g5 0-1

[Event "FIDE OPEN Stare Mesto 2021 A"]
[Site "Stare Mesto, CZE"]
[Date "2021.08.17"]
[Round "5.22"]
[White "Machacek, Jan"]
[Black "Kopecky, Matej"]
[Result "1/2-1/2"]
[WhiteElo "1891"]
[BlackElo "1532"]
[PlyCount "77"]
[EventDate "2021.08.13"]

1. e4 e6 2. d4 d5 3. Nc3 Bb4 4. e5 c5 5. Bd2 cxd4 6. Nb5 Bc5 7. b4 Be7 8. f4
Nc6 9. Nf3 Nxb4 10. Nbxd4 Nc6 11. Bd3 Nh6 12. O-O Bc5 13. c3 Nf5 14. Bxf5 exf5
15. Kh1 Be6 16. Be3 Bxd4 17. Bxd4 Nxd4 18. cxd4 O-O 19. Qb3 Qd7 20. Rfc1 Rfc8
21. Nd2 Rc6 22. Qb2 Rac8 23. Nb3 b6 24. Kg1 Rc4 25. Nd2 R4c6 26. Kf2 R8c7 27.
Nb3 h6 28. Ke3 a5 29. Rxc6 Rxc6 30. Rc1 a4 31. Rxc6 Qxc6 32. Nc1 b5 33. Nd3 Qc4
34. a3 Bd7 35. g3 Bc6 36. Qb4 Qa2 37. Qb2 Qc4 38. Qb4 Qa2 39. Qb2 1/2-1/2

[Event "FIDE OPEN Stare Mesto 2021 A"]
[Site "Stare Mesto, CZE"]
[Date "2021.08.17"]
[Round "5.23"]
[White "Vavra, Jan"]
[Black "Vylicil, Adam"]
[Result "0-1"]
[WhiteElo "1386"]
[BlackElo "1884"]
[PlyCount "60"]
[EventDate "2021.08.13"]

1. e4 e6 2. d4 d5 3. Nd2 Nf6 4. e5 Nfd7 5. Ngf3 c5 6. Bb5 Qb6 7. Bxd7+ Bxd7 8.
c3 Nc6 9. Nb3 cxd4 10. cxd4 Rc8 11. O-O a5 12. Rb1 Nb4 13. Bd2 Bb5 14. Re1 a4
15. Nc1 Nc2 16. b3 axb3 17. Rxb3 Nxe1 18. Qxe1 Qc6 19. Rc3 Bc4 20. Qe3 Bb4 21.
Rc2 Bxd2 22. Qxd2 O-O 23. h3 Qa4 24. Rb2 b5 25. Nd3 Bxd3 26. Qxd3 Qc4 27. Qb3
Qc1+ 28. Kh2 Rc3 29. Qb4 Qf4+ 30. Kg1 Rc4 0-1

[Event "FIDE OPEN Stare Mesto 2021 A"]
[Site "Stare Mesto, CZE"]
[Date "2021.08.17"]
[Round "5.24"]
[White "Setina, Vaclav"]
[Black "Rybackova, Lucie"]
[Result "1-0"]
[WhiteElo "1607"]
[BlackElo "1534"]
[PlyCount "72"]
[EventDate "2021.08.13"]

1. d4 d5 2. Nf3 e6 3. g3 c5 4. e3 Nc6 5. Bg2 Nf6 6. O-O cxd4 7. exd4 Bd6 8. b3
O-O 9. Bb2 b6 10. Nbd2 Ba6 11. Re1 Rc8 12. Ne5 Nb4 13. Rc1 Nd7 14. a3 Na2 15.
Ra1 Nc3 16. Qf3 Bxe5 17. dxe5 Qc7 18. Bf1 Bxf1 19. Kxf1 Qc5 20. a4 Ne4 21. Nxe4
dxe4 22. Qxe4 Qxc2 23. Ba3 Rfe8 24. Rad1 Qxb3 25. Rxd7 Qxa3 26. Rxa7 Qb3 27.
Rb1 Qa2 28. Rxb6 Rc1+ 29. Kg2 Qa1 30. Qf4 Rg1+ 31. Kh3 Qf1+ 32. Kh4 Rf8 33.
Rxf7 Rc8 34. Rxg7+ Kh8 35. Rxh7+ Kxh7 36. Rb7+ Kg8 1-0

[Event "FIDE OPEN Stare Mesto 2021 A"]
[Site "Stare Mesto, CZE"]
[Date "2021.08.17"]
[Round "5.25"]
[White "Bambuch, Tomas"]
[Black "Vodak, Vojtech"]
[Result "1/2-1/2"]
[WhiteElo "1337"]
[BlackElo "1587"]
[PlyCount "42"]
[EventDate "2021.08.13"]

1. e4 e6 2. d4 d5 3. exd5 exd5 4. Nf3 Nf6 5. Bd3 Bg4 6. O-O Be7 7. h3 Bh5 8.
Bf4 c6 9. Nbd2 O-O 10. c3 Bd6 11. Bg5 Be7 12. Qc2 Bg6 13. Bxg6 hxg6 14. Ne5
Nbd7 15. f4 Re8 16. Ndf3 Nh5 17. Bxe7 Qxe7 18. Rae1 Qd6 19. Qf2 b6 20. Nxd7
Qxd7 21. Ne5 Qc7 1/2-1/2

[Event "FIDE OPEN Stare Mesto 2021 A"]
[Site "Stare Mesto, CZE"]
[Date "2021.08.17"]
[Round "5.26"]
[White "Bata, Jiri"]
[Black "Hobza, Radek"]
[Result "1/2-1/2"]
[WhiteElo "1593"]
[BlackElo "1323"]
[PlyCount "62"]
[EventDate "2021.08.13"]

1. e4 c5 2. c3 d5 3. e5 e6 4. d4 Nc6 5. Nf3 Bd7 6. Be2 Nge7 7. O-O cxd4 8. cxd4
Nf5 9. Be3 Qb6 10. b3 Be7 11. Nc3 O-O 12. Na4 Qc7 13. Rc1 Rac8 14. Bf4 Qa5 15.
g4 Nh4 16. Nxh4 Bxh4 17. Nc5 Rfd8 18. Nxb7 Qxa2 19. Nxd8 Bxd8 20. Ra1 Qb2 21.
Bb5 Bb6 22. Bxc6 Rxc6 23. Be3 Rc2 24. Rc1 Rxc1 25. Qxc1 Qxb3 26. Qa1 Bb5 27.
Rc1 h6 28. Rb1 Qd3 29. Qb2 Bc4 30. h3 Qe4 31. Kh2 Qf3 1/2-1/2

[Event "FIDE OPEN Stare Mesto 2021 A"]
[Site "Stare Mesto, CZE"]
[Date "2021.08.17"]
[Round "5.27"]
[White "Kosata, Jiri"]
[Black "Zadrapa, Jakub"]
[Result "0-1"]
[WhiteElo "1325"]
[BlackElo "1570"]
[PlyCount "86"]
[EventDate "2021.08.13"]

1. c4 e6 2. Nf3 d5 3. g3 Nf6 4. Bg2 Be7 5. O-O O-O 6. cxd5 exd5 7. d3 c6 8.
Nbd2 Bf5 9. Qb3 Qb6 10. Qxb6 axb6 11. Nb3 h6 12. Nfd4 Bh7 13. Be3 Nbd7 14. Bh3
Rfe8 15. Bf5 Bd6 16. Bxh7+ Kxh7 17. Nf5 Bc7 18. Rfe1 g6 19. Nh4 Re7 20. a3 Rae8
21. Rac1 Ng4 22. Ng2 f5 23. Rc2 g5 24. h3 Nge5 25. Bc1 Nxd3 26. Rd1 N3e5 27.
Ne3 Bb8 28. Nxf5 Rf7 29. g4 Kg6 30. Kg2 h5 31. f3 Rh8 32. Nbd4 hxg4 33. fxg4
Rfh7 34. Rc3 Nxg4 35. Rg1 Ngf6 36. Kf1 Ne4 37. Rf3 Ne5 38. Rb3 Nc4 39. h4 Ned2+
40. Bxd2 Nxd2+ 41. Ke1 Nxb3 42. Rxg5+ Kf6 43. Nxb3 Bf4 0-1

[Event "FIDE OPEN Stare Mesto 2021 A"]
[Site "Stare Mesto, CZE"]
[Date "2021.08.17"]
[Round "5.28"]
[White "Babula, Matej"]
[Black "Tomecek, Marian"]
[Result "1-0"]
[WhiteElo "1537"]
[BlackElo "1310"]
[PlyCount "48"]
[EventDate "2021.08.13"]

1. e4 d5 2. exd5 Nf6 3. d4 Nxd5 4. Nf3 Bg4 5. c4 Nf6 6. Be2 e6 7. O-O Be7 8.
Bf4 O-O 9. h3 Bf5 10. Nc3 c6 11. Bh2 Nbd7 12. Nh4 Be4 13. f3 Bg6 14. Nxg6 fxg6
15. Ne4 c5 16. Kh1 Nxe4 17. fxe4 Rxf1+ 18. Bxf1 Nf6 19. e5 Ne4 20. Bg1 Qc7 21.
Qg4 Ng5 22. Be3 Nf7 23. Qxe6 cxd4 24. Bxd4 Kh8 1-0

[Event "FIDE OPEN Stare Mesto 2021 A"]
[Site "Stare Mesto, CZE"]
[Date "2021.08.17"]
[Round "5.29"]
[White "Hyks, Jan"]
[Black "Stara, Zuzana"]
[Result "1-0"]
[WhiteElo "1533"]
[BlackElo "1209"]
[PlyCount "105"]
[EventDate "2021.08.13"]

1. e4 c5 2. c4 Nc6 3. Nc3 d6 4. g3 Nf6 5. Bg2 e5 6. h3 Be6 7. d3 Be7 8. Nge2 a6
9. O-O O-O 10. Be3 Qd7 11. Kh2 h6 12. Qd2 Nd4 13. f4 Qc7 14. fxe5 dxe5 15. Nd5
Nxd5 16. exd5 Bd7 17. Nc3 Nf5 18. Bf2 Nd4 19. Bxd4 exd4 20. Ne2 Bd6 21. a3 Rfe8
22. Be4 Qc8 23. Ng1 Qc7 24. Rf3 Rf8 25. Raf1 f5 26. Bxf5 Bxf5 27. Rxf5 Rxf5 28.
Rxf5 Bxg3+ 29. Kh1 Rf8 30. Rxf8+ Kxf8 31. b4 b6 32. bxc5 bxc5 33. Qe2 Qe5 34.
Qxe5 Bxe5 35. Nf3 Bd6 36. Nd2 Bc7 37. Ne4 Bb6 38. Kg2 Ke7 39. Kf3 g6 40. h4 a5
41. a4 Ba7 42. Kf4 Bb8+ 43. Kg4 Ba7 44. h5 g5 45. Kf5 Kf7 46. Nf2 Bb8 47. Ng4
Kg7 48. Ke6 Bc7 49. Ke7 Bb6 50. d6 Kh7 51. d7 Kg7 52. d8=Q Bxd8+ 53. Kxd8 1-0

[Event "FIDE OPEN Stare Mesto 2021 A"]
[Site "Stare Mesto, CZE"]
[Date "2021.08.17"]
[Round "5.32"]
[White "Hornak, Ondrej"]
[Black "Burita, Dobroslav"]
[Result "0-1"]
[WhiteElo "1525"]
[BlackElo "1712"]
[PlyCount "56"]
[EventDate "2021.08.13"]

1. Nf3 c5 2. c4 Nc6 3. Nc3 Nf6 4. g3 g6 5. Bg2 Bg7 6. O-O O-O 7. Qc2 d6 8. b3
Bf5 9. e4 Nxe4 10. Nxe4 Bxa1 11. Qb1 Bg7 12. Nh4 Bxe4 13. Qxe4 Rb8 14. Re1 e6
15. f4 Nd4 16. Bf1 b5 17. cxb5 Nxb5 18. Nf3 Nd4 19. Kh1 Nxf3 20. Qxf3 Qa5 21.
a3 Qb6 22. Qd3 Bd4 23. Re4 Qxb3 24. Qe2 d5 25. Rxd4 cxd4 26. d3 Rfc8 27. Bd2
Rc2 28. Bh3 Rxd2 0-1

[Event "FIDE OPEN Stare Mesto 2021 A"]
[Site "Stare Mesto, CZE"]
[Date "2021.08.17"]
[Round "5.33"]
[White "Rybacek, Martin"]
[Black "Soucek, Andrej"]
[Result "1/2-1/2"]
[WhiteElo "1366"]
[BlackElo "1318"]
[PlyCount "62"]
[EventDate "2021.08.13"]

1. e4 c5 2. Nf3 Nc6 3. Bb5 g6 4. O-O Bg7 5. Nc3 a6 6. Bxc6 dxc6 7. Re1 Nf6 8.
d3 Be6 9. Be3 Nd7 10. Qd2 O-O 11. Bh6 b5 12. Bxg7 Kxg7 13. Ng5 Nb6 14. Qf4 Qd6
15. e5 Qd7 16. Nce4 Nd5 17. Qh4 h6 18. Nxe6+ Qxe6 19. Nxc5 Qf5 20. Qe4 Qxe4 21.
Rxe4 e6 22. Rd1 a5 23. c4 Ne7 24. Nb7 b4 25. Nd6 Nf5 26. c5 Rfd8 27. Nxf5+ gxf5
28. Re2 Rd4 29. Red2 Rad8 30. g3 R8d5 31. f4 Rxc5 1/2-1/2

[Event "FIDE OPEN Stare Mesto 2021 B"]
[Site "Stare Mesto, CZE"]
[Date "2021.08.17"]
[Round "5.1"]
[White "Stary, Simon"]
[Black "Ludvicek, Josef"]
[Result "0-1"]
[WhiteElo "1143"]
[BlackElo "1732"]
[PlyCount "82"]
[EventDate "2021.08.13"]

1. d4 d5 2. Nc3 Nf6 3. g3 c6 4. Bg2 g6 5. Bf4 Bg7 6. Nf3 Qb6 7. Qc1 Ne4 8. Na4
Qb4+ 9. Nc3 Nxc3 10. Bd2 Nxe2 11. Bxb4 Nxc1 12. Rxc1 O-O 13. O-O Re8 14. Rfe1
e6 15. Bd6 Nd7 16. h4 b6 17. Ne5 Nxe5 18. Bxe5 Bxe5 19. Rxe5 f6 20. Re3 Kf7 21.
c4 Bd7 22. Bh3 f5 23. Re5 Rac8 24. g4 Kf6 25. b3 fxg4 26. Bxg4 c5 27. Rd1 dxc4
28. bxc4 cxd4 29. Rd5 Ba4 30. R1xd4 exd5 31. Bxc8 Rxc8 32. cxd5 Bd7 33. Rd2 Rc5
34. Kg2 Bf5 35. d6 Rd5 36. Rxd5 Be4+ 37. Kg3 Bxd5 38. d7 Ke7 39. a3 Kxd7 40.
Kg4 h5+ 41. Kg5 Be4 0-1

[Event "FIDE OPEN Stare Mesto 2021 B"]
[Site "Stare Mesto, CZE"]
[Date "2021.08.17"]
[Round "5.2"]
[White "Hobza, Richard"]
[Black "Nemec, Jakub"]
[Result "1-0"]
[WhiteElo "1298"]
[BlackElo "1194"]
[PlyCount "69"]
[EventDate "2021.08.13"]

1. e4 e5 2. Nf3 Nf6 3. Nc3 d6 4. d4 exd4 5. Nxd4 Bd7 6. Bc4 Nc6 7. Be3 Be7 8.
O-O O-O 9. Re1 a6 10. a4 Na5 11. Bb3 Nxb3 12. cxb3 c5 13. Nde2 Bc6 14. Ng3 Qc7
15. Rc1 b5 16. Qd2 b4 17. Nd5 Nxd5 18. exd5 Bb7 19. Qxb4 Bxd5 20. Qc3 Qb7 21.
Nh5 f6 22. Bh6 Rf7 23. Nxg7 Qxb3 24. Qxb3 Bxb3 25. Rc3 Bxa4 26. Ne6 Kh8 27.
Bg7+ Kg8 28. Rg3 Bf8 29. Bxf8+ Kh8 30. Bg7+ Rxg7 31. Nxg7 Rg8 32. Nh5 Rf8 33.
Nxf6 Bb5 34. Re7 Bc4 35. Rxh7# 1-0

[Event "FIDE OPEN Stare Mesto 2021 B"]
[Site "Stare Mesto, CZE"]
[Date "2021.08.17"]
[Round "5.3"]
[White "Sumsal, Vaclav"]
[Black "Lukas, Vojtech"]
[Result "1-0"]
[WhiteElo "1845"]
[BlackElo "1365"]
[PlyCount "75"]
[EventDate "2021.08.13"]

1. Nf3 Nc6 2. d4 d5 3. g3 Bf5 4. c3 Nf6 5. Bg2 e6 6. Qa4 Qd7 7. Nbd2 Bd6 8. O-O
O-O 9. Nh4 e5 10. dxe5 Nxe5 11. Qxd7 Bxd7 12. Nhf3 Rfe8 13. Re1 Ng6 14. Nb3 h6
15. Be3 c6 16. a4 Ng4 17. Bc5 Bc7 18. a5 N4e5 19. Nxe5 Nxe5 20. Bd4 Nc4 21. Nc5
Bc8 22. b4 b6 23. axb6 Bxb6 24. e4 Rd8 25. Nb3 Bb7 26. exd5 cxd5 27. Re7 Bc6
28. Rae1 Ba4 29. Nc5 Bxc5 30. Bxc5 a5 31. bxa5 Rxa5 32. Bb4 Ra6 33. Bf1 Raa8
34. Bg2 Bc6 35. Rc7 Rac8 36. Ree7 Rf8 37. Bh3 Rxc7 38. Rxc7 1-0